000 00277nam a22001337a 4500
008 171211b xxu||||| |||| 00| 0 eng d
020 _a9780536089076
041 _aeng
080 _a7
100 _a44
101 _aART
245 _aMOSAICOS
_cOLIVELLA, M
942 _2udc
_cBK
999 _c38872
_d38872